Personnalités masculines aux cheveux blancs par image - Statistiques

Statistiques générales
  • Ce quiz a été pris 79 fois
  • Le résultat moyen est 16 sur 25
Statistiques - réponses
Par images Réponse % Correct
Joe Biden
93%
Gerard Jugnot
90%
Jean-Paul Belmondo
90%
Michel Sardou
90%
Nelson Mandela
90%
Patrick Sébastien
90%
Karl Lagerfeld
85%
Gérard Darmon
75%
Hugues Aufray
74%
Pierre Richard
72%
Michel Galabru
69%
Morgan Freeman
69%
Harrison Ford
67%
Lionel Jospin
66%
Robert De Niro
62%
Pierre Arditi
59%
Gerard Lenorman
57%
Richard Gere
57%
Michael Douglas
52%
François Berléand
51%
André Dussolier
41%
Donald Sutherland
23%
Jacques Perrin
21%
Leslie Nielsen
20%
Steve Martin
18%
Aucun quiz correspondant
Distribution des résultats
% des personnes avec chaque résultat
Percentile par nombre de réponses
Votre historique - résultats
Vous n’avez pas pris ce quiz